[Event "45th Olympiad 2024"]
[Site "Budapest HUN"]
[Date "2024.09.20"]
[Round "9.85"]
[Board "2"]
[White "Ferguson, Joseph"]
[Black "Tan, Santiago Jr"]
[Result "1-0"]
[WhiteElo "1797"]
[BlackElo "1903"]
[PlyCount "119"]
[EventDate "2024.09.11"]
[WhiteTeam "Bahamas"]
[BlackTeam "Palau"]
[WhiteTeamCountry "BAH"]
[BlackTeamCountry "PAL"]

1. f4 g6 2. Nf3 Bg7 3. e3 d5 4. Ne5 ({RR} 4. d3 Nc6 5. d4 Nf6 6. c4 O-O 7. cxd5 Nxd5 8. Nc3 Bf5 9. Nh4 e6 10. Nxf5 exf5 11. Nxd5 Qxd5 12. Qf3 Qd6 13. Kf2 Rfe8 14. Bb5 Re4 15. Rd1 Nb4 16. a3 Nd5 17. g4 Qb6 18. gxf5 Rxf4 {0-1 Gardner,R (2144)-Mikhalevski,V (2614) Calgary op 2010 (4)}) 4... Nf6 ({RR} 4... Qd6 5. d4 c5 6. Bb5+ Nc6 7. b3 cxd4 8. Ba3 Qc7 9. exd4 Qa5+ 10. Kf2 Qxb5 11. c4 dxc4 12. bxc4 Qb6 13. Bc5 Qa6 14. Na3 Nxe5 15. fxe5 Qc6 16. Re1 Nh6 17. h3 b6 18. Bb4 a5 19. d5 {0-1 Hoyas Cebrian,L (1864)-Fernandez Vazquez,J (1948) Tenerife-chT Primera 1718 2017 (12.1)}) 5. b3 $146 ({RR} 5. Be2 c5 6. Bb5+ Nfd7 7. O-O O-O 8. Bxd7 Nxd7 9. d4 c4 10. Qe1 Qc7 11. Qh4 Re8 12. c3 Rb8 13. Nd2 b5 14. a3 a5 15. Ndf3 f6 16. Ng4 b4 17. axb4 axb4 18. Bd2 bxc3 19. bxc3 Rb2 {0-1 Matamala,E (2038)-Valencia,M (1734) Santiago CALF op 2004 (3)}) ({RR} 5. g3 O-O 6. Bg2 c6 7. O-O Qc7 8. d3 Nbd7 9. Nxd7 Bxd7 10. Nd2 Ng4 11. Nf3 f5 12. h3 Nh6 13. Rb1 Nf7 14. d4 e6 15. b3 c5 16. c3 Rfe8 17. Bd2 Rac8 18. Kf2 Qd8 19. g4 b6 {1-0 Claus,J (1760)-Krischok,H (1665) Wuerttemberg-ch Seniors 12th 2000 (7)}) 5... d4 6. Be2 O-O 7. O-O c5 8. d3 Qc7 9. e4 Nbd7 10. Nxd7 Bxd7 11. Nd2 b5 12. g3 Bc6 13. Bf3 e6 14. Ba3 b4 15. Bb2 a5 16. a4 Nd7 17. Qe2 Rfe8 18. Nc4 Nb6 19. Nd2 Rad8 20. e5 Bxf3 21. Qxf3 Nd5 22. Nc4 Rf8 23. Rae1 h6 24. Bc1 Kh7 25. Bd2 Ra8 26. Kf2 Qe7 27. Ke2 f5 28. Kd1 Ra6 29. Re2 h5 30. h3 Rh8 31. g4 fxg4 32. hxg4 Kg8 33. f5 hxg4 34. Qxg4 gxf5 35. Qg2 f4 36. Ref2 Qh4 37. Bxf4 Ra8 38. Bd2 Qh3 39. Qg6 Qh5+ 40. Qxh5 Rxh5 41. Rg2 Ne7 42. Nd6 Rf8 43. Rfg1 Rh7 44. Bh6 Rf1+ 45. Rxf1 Rxh6 46. Ne8 Nf5 47. Nf6+ Kh8 48. Ng4 Rh4 49. Rh2 Rxh2 50. Nxh2 Ne3+ 51. Ke2 Nxf1 52. Nxf1 Bxe5 53. Kf3 Kg7 54. Nd2 Bd6 55. Ne4 Be7 56. Kf4 Kf7 57. Ke5 Bd8 58. Nxc5 Bc7+ 59. Kxd4 Bb6 60. Kc4 1-0

[Event "45th Olympiad 2024"]
[Site "Budapest HUN"]
[Date "2024.09.20"]
[Round "9.85"]
[Board "3"]
[White "Mahor Jr, Manuel"]
[Black "Pride, Avian"]
[Result "1/2-1/2"]
[WhiteElo "1759"]
[BlackElo "1743"]
[PlyCount "88"]
[EventDate "2024.09.11"]
[WhiteTeam "Palau"]
[BlackTeam "Bahamas"]
[WhiteTeamCountry "PAL"]
[BlackTeamCountry "BAH"]

1. c4 Nf6 2. g3 c6 3. Nc3 d5 4. cxd5 cxd5 5. d4 g6 6. Bg2 e6 7. Nf3 Bg7 8. O-O Nc6 9. Qb3 O-O 10. Bg5 ({RR} 10. a3 Ne4 11. Rd1 Qb6 12. Qxb6 axb6 13. Nxe4 dxe4 14. Ne5 f5 15. Nxc6 bxc6 16. f3 Ba6 17. Kf2 Rad8 18. Be3 g5 19. Bxg5 Bxd4+ 20. e3 Bxb2 21. Bxd8 Bxa1 22. Bxb6 Be5 23. a4 Bd3 24. a5 c5 {½-½ Blatny,P (2547)-Konopka,M (2507) CZE-ch Kunzak 2001 (1)}) 10... Qd7 $146 ({RR} 10... h6 11. Bxf6 Bxf6 12. Rfd1 Bg7 13. Qc2 f5 14. e3 Qe7 15. Rd2 Kh7 16. Rad1 g5 17. h3 Nb4 18. Qb1 b5 {0-1 Taylor,G-Merriman,J (2280) 4NCL9495 2nd Season 1994 (9.6)}) ({RR} 10... h6 11. Bxf6 Bxf6 12. e3 Rb8 13. Na4 b6 14. Rac1 Na5 15. Qc2 Ba6 16. Rfd1 Rc8 17. Nc3 b5 18. Qe2 Qb6 19. Bf1 Nc4 20. b3 Nd6 21. Qd2 Rc6 22. Rc2 Rfc8 23. Rdc1 Bb7 24. Bd3 a6 25. Ne2 {½-½ Hariharan,S (1523)-Catabay,M (1542) English Women's 2023 (2.10)}) ({RR} 10... h6 11. Bxf6 Bxf6 12. Rfd1 b6 13. e4 dxe4 14. Nxe4 Bb7 15. Nxf6+ Qxf6 16. Qe3 Nb4 17. Rd2 Rac8 18. Qe5 Qe7 19. a3 Nd5 20. Re1 Rfd8 21. h4 Nf6 22. Qf4 Kg7 23. g4 Bxf3 24. Bxf3 Nd5 25. Qe5+ {½-½ Kuehn,K (2153)-Fuchs,A (2099) Saarland-ch MB2 2004 (9)}) ({RR} 10... Na5 11. Qc2 Bd7 12. Qc1 Rc8 13. Qf4 Nc4 14. Ne5 Nh5 15. Bxd8 Nxf4 16. Be7 Rfe8 17. gxf4 Rxe7 18. Rfb1 Be8 19. e3 Rec7 20. a4 a6 21. Bf1 Nd2 22. Rd1 Nxf1 23. Kxf1 b6 24. Ke2 Bf8 25. Nd3 {0-1 Pedersen,K-Pedersen,T (2255) DEN-chB Denmark 1991 (4)}) 11. Rac1 Ne4 12. Be3 Nd6 13. Rfd1 Nf5 14. a3 b6 15. Bh3 Na5 16. Qb5 Nxe3 17. fxe3 Nc4 18. Kf2 Qxb5 19. Nxb5 Nxb2 20. Rd2 Nc4 21. Rdc2 Bd7 22. Nc7 Rac8 23. Nxd5 exd5 24. Bxd7 Rc7 25. Bb5 Rfc8 26. Nd2 Bh6 27. Nxc4 dxc4 28. Rxc4 Rxc4 29. Rxc4 Rxc4 30. Bxc4 Kf8 31. e4 Bc1 32. a4 Ke7 33. e3 f6 34. Ke2 Ba3 35. Kd3 Kd6 36. Bb5 a5 37. g4 h6 38. Ke2 Bc1 39. Kf3 g5 40. Ke2 Ke6 41. Kd3 Kd6 42. h3 Ke6 43. Bc4+ Kd6 44. Bg8 Ba3 1/2-1/2

[Event "45th Olympiad 2024"]
[Site "Budapest HUN"]
[Date "2024.09.20"]
[Round "9.86"]
[Board "1"]
[White "Murphy, Jones"]
[Black "Hemam, Moulaye Brahim"]
[Result "1/2-1/2"]
[WhiteElo "2021"]
[BlackElo "1977"]
[PlyCount "108"]
[EventDate "2024.09.11"]
[WhiteTeam "Dominica"]
[BlackTeam "Mauritania"]
[BlackTeamCountry "MAU"]

1. e4 c5 2. c4 Nc6 3. Ne2 g6 4. d4 cxd4 5. Nxd4 Bg7 6. Be3 Nf6 7. Nc3 d6 8. Be2 Bd7 9. O-O O-O 10. f3 Ne5 11. Qd2 Rc8 12. b3 a6 13. Rac1 Re8 14. h3 ({RR} 14. Nd5 e6 15. Nc3 Qa5 16. Rfd1 Red8 17. Qe1 h6 18. Kh1 Be8 19. Qf2 d5 20. Nxe6 fxe6 21. Bb6 Qa3 22. Bxd8 Rxd8 23. exd5 exd5 24. cxd5 b5 25. Bf1 Bf7 26. Qb6 Qd6 27. Qxd6 Rxd6 28. Ne4 Rxd5 {½-½ Polgar,Z (2530)-Ljubojevic,L (2610) Roquebrune blitz 1992}) 14... Qa5 ({RR} 14... Nc6 15. Nc2 Qc7 16. Rfd1 Qb8 17. Bf2 Nd8 18. Nb4 Ne6 19. Nbd5 Bc6 20. Be3 Bxd5 21. Nxd5 Nxd5 22. Qxd5 Qc7 23. h4 Bb2 24. Rb1 Be5 25. Qd2 Bg3 26. Bf2 Bxf2+ 27. Kxf2 Qc5+ 28. Qe3 Qa3 29. Rd2 {1-0 Maleki,N (2088)-Rollot,J (1890) Sables d'Olonne op 6th 2019 (7)}) 15. Rc2 $146 ({RR} 15. f4 Nc6 16. g4 e5 17. Nxc6 Rxc6 18. f5 Qc7 19. g5 Nh5 20. Bxh5 gxh5 21. Qe2 b5 22. Nd5 Qd8 23. Qxh5 Kh8 24. g6 Kg8 25. Qxh7+ Kf8 26. f6 {1-0 Formanek,E (2280)-Vasquez,F (2305) World op 19th 1991 (6)}) ({RR} 15. f4 Nc6 16. Bf3 Rcd8 17. Nxc6 Bxc6 18. g4 Nd7 19. Ne2 Qxd2 20. Bxd2 Nc5 21. Ng3 Bd4+ 22. Kg2 Nd3 23. Rc2 Rc8 24. Ne2 Bg7 25. Bc3 b5 26. Bxg7 Kxg7 27. Rd1 bxc4 28. bxc4 Ba4 29. Rxd3 Bxc2 {0-1 Malano,F (2060)-Catana,C (2100) Nichelino op 5th 2004 (2)}) ({RR} 15. Rfd1 e6 16. Nc2 d5 17. Nxd5 Qxd2 18. Nxf6+ Bxf6 19. Rxd2 Bc6 20. Rcd1 Red8 21. Rxd8+ Rxd8 22. Rxd8+ Bxd8 23. Nb4 Bd7 24. f4 Nc6 25. Nxc6 Bxc6 26. e5 Kf8 27. Kf2 Ke8 28. Bf3 Kd7 29. Bxc6+ Kxc6 {1-0 Berczes,C (2145)-Boros,D Balaton op Hungary 1999 (1)}) 15... Nc6 16. Rfc1 Qe5 17. Nd5 Nxd5 18. Nxc6 Rxc6 19. cxd5 Rxc2 20. Rxc2 f5 21. Rc7 Bb5 22. Bxb5 axb5 23. exf5 gxf5 24. Rxb7 Qa1+ 25. Kh2 Bc3 26. Qc2 Qe1 27. Qf2 Qxf2 28. Bxf2 b4 29. Ra7 e6 30. dxe6 Rxe6 31. a3 Re2 32. Bg3 bxa3 33. Rxa3 d5 34. Ra7 d4 35. Rd7 h5 36. b4 Rb2 37. Bd6 d3 38. Bf4 d2 39. b5 Kf8 40. b6 Ke8 41. Rd3 Kf7 42. b7 Rxb7 43. Bxd2 Be5+ 44. f4 Bf6 45. Ra3 Rb6 46. Bc3 Be7 47. Ra7 Ke6 48. Bd4 Rb3 49. Be5 Bh4 50. Rg7 Bf2 51. g4 hxg4 52. hxg4 fxg4 53. Rxg4 Kf5 54. Rg2 Be3 1/2-1/2

[Event "45th Olympiad 2024"]
[Site "Budapest HUN"]
[Date "2024.09.20"]
[Round "9.86"]
[Board "2"]
[White "Abdellahi Khaled Abdellahi"]
[Black "Bridet, Robert"]
[Result "1-0"]
[WhiteElo "1894"]
[BlackElo "1697"]
[PlyCount "73"]
[EventDate "2024.09.11"]
[WhiteTeam "Mauritania"]
[BlackTeam "Dominica"]
[WhiteTeamCountry "MAU"]

1. d4 e6 2. Bf4 d5 3. e3 Nf6 4. Nf3 Nc6 5. Nbd2 Be7 6. h3 ({RR} 6. c3 a6 7. Bd3 b5 8. a3 Na5 9. Ne5 Bb7 10. h4 Nc6 11. Qe2 Nxe5 12. dxe5 Nd7 13. Nf3 h6 14. Bc2 c5 15. g3 Nb6 16. Rd1 Qc7 17. e4 Rd8 18. O-O O-O 19. exd5 Bxd5 20. Qd3 g6 {1-0 Kicinska,M (1436)-Walendykiewicz,M (1224) POL-ch U16 Girls 2022 (3)}) 6... a6 7. Bd3 $146 ({RR} 7. a3 Bd7 8. c3 Bd6 9. Ne5 Bxe5 10. dxe5 Ng8 11. Bd3 Nge7 12. Bh2 Ng6 13. f4 Qh4+ 14. Kf1 Qd8 15. Nf3 Nce7 16. g4 c5 17. Bg3 b5 18. a4 Nc6 19. f5 Nf8 20. e4 dxe4 21. Bxe4 Qc7 {1-0 Hase,Y (1552)-Kestler,A Santa Fe op 2020 (1)}) ({RR} 7. a4 Bd7 8. c3 Ne4 9. Nxe4 dxe4 10. Nd2 f5 11. a5 Bf6 12. Nc4 Bc8 13. Be2 O-O 14. O-O Ne7 15. Bh2 Nd5 16. Kh1 Bd7 17. Ne5 Bxe5 18. Bxe5 Bc6 19. Bc4 Bb5 20. Bxd5 exd5 21. Rg1 Qh4 {1-0 Kovacevic,S (2380)-Zemerov,V (2430) Harkany Tenkes Cup 1994 (3)}) 7... Nb4 8. Be2 c5 9. c3 Nc6 10. O-O c4 11. b3 b5 12. Bh2 O-O 13. Ne5 Bb7 14. f4 Nxe5 15. fxe5 Nd7 16. Bf3 Rc8 17. b4 Bg5 18. Qe2 Nb6 19. Rac1 Na4 20. Rc2 a5 21. a3 axb4 22. axb4 Ra8 23. Bf4 Bh4 24. e4 Qd7 25. exd5 Bxd5 26. Ne4 Ra7 27. Nf6+ gxf6 28. Bxd5 exd5 29. Qh5 Bg5 30. Bxg5 fxg5 31. Qxg5+ Kh8 32. Qf6+ Kg8 33. Rf3 Rfa8 34. Rg3+ Kf8 35. Rf2 Qe8 36. Qh6+ Ke7 37. Qd6# 1-0

[Event "45th Olympiad 2024"]
[Site "Budapest HUN"]
[Date "2024.09.20"]
[Round "9.86"]
[Board "3"]
[White "Thomas, Larry"]
[Black "Cheikhna, Mohamed Lemine"]
[Result "0-1"]
[WhiteElo "1686"]
[BlackElo "1884"]
[PlyCount "74"]
[EventDate "2024.09.11"]
[WhiteTeam "Dominica"]
[BlackTeam "Mauritania"]
[BlackTeamCountry "MAU"]

1. e4 c6 2. d4 d5 3. e5 e6 4. Nf3 c5 5. c3 Qb6 ({RR} 5... Nc6 6. Bd3 Qb6 7. O-O cxd4 8. cxd4 Bd7 9. Nc3 a6 10. Na4 Qa7 11. Be3 Nh6 12. Rc1 Nf5 13. Nc5 Nxe3 14. fxe3 Bxc5 15. Rxc5 O-O-O 16. Ng5 Be8 17. Nxf7 Bxf7 18. Rxf7 Rd7 19. Qf3 Qb6 20. Rxd7 {½-½ Swiercz,D (2646)-Suleymanli,S (2260) Titled Tue 15th Nov Late 2022 (4)}) 6. Be2 Nc6 7. h3 $146 ({RR} 7. O-O cxd4 8. cxd4 Bd7 9. a3 Nge7 10. Nc3 Nf5 11. Na4 Qc7 12. b4 Ncxd4 13. Nxd4 Nxd4 14. Qxd4 Bxa4 15. b5 Bc2 16. Be3 Bg6 17. Rfc1 Qd8 18. Rc3 b6 19. Rc6 Bc5 20. Qc3 d4 21. Bxd4 Qxd4 {0-1 Koerber,B (1574)-Weber,G (1761) Berlin Lichtenberger op 16th 2017 (5)}) ({RR} 7. O-O Nge7 8. Na3 cxd4 9. cxd4 Nf5 10. Nc2 h5 11. Bd3 g6 12. b4 a5 13. b5 Nb4 14. Nxb4 axb4 15. Be3 Bd7 16. Qe2 Be7 17. h3 Ra3 18. Rfb1 Qa5 19. Bc1 Rc3 20. Bb2 Rc8 21. Qd2 Bxb5 {0-1 Wofford,M (2006)-Arnold,K Titled Tue 18th Jun Late 2024 (10)}) ({RR} 7. O-O cxd4 8. cxd4 Nge7 9. b3 Nf5 10. Bb2 Bd7 11. a3 h5 12. b4 Rc8 13. Qd2 Be7 14. b5 Na5 15. Qd3 Nc4 16. Qb3 Qxb5 17. Qxb5 Bxb5 18. Bxc4 Bxc4 19. Rc1 O-O 20. Nbd2 Ba6 21. a4 Nh4 {1-0 Shevchenko,K-Ganjali,H Wch U08 Kemer 2009 (11)}) 7... cxd4 8. cxd4 Nge7 9. g4 h5 10. Rg1 hxg4 11. hxg4 Ng6 12. a4 a6 13. Na3 Bb4+ 14. Kf1 Be7 15. Bd3 Nh4 16. Rh1 Bd7 17. Nc2 O-O-O 18. Ng5 Nf5 19. Rg1 Nh6 20. Nf3 f6 21. Rb1 Rdf8 22. Be3 Qb3 23. Nce1 Qxd1 24. Rxd1 Nb4 25. b3 Kb8 26. Rc1 Nf7 27. Ke2 Nc6 28. Bf4 fxe5 29. dxe5 Rc8 30. Rb1 Nb4 31. Bg6 Nh6 32. Bd2 Rhf8 33. Rc1 Nc6 34. Bc3 Rf4 35. Bd2 Rxg4 36. Bxh6 Rxg1 37. Nxg1 gxh6 0-1

[Event "45th Olympiad 2024"]
[Site "Budapest HUN"]
[Date "2024.09.20"]
[Round "9.86"]
[Board "4"]
[White "Abdou Ahmed Alem"]
[Black "Auguiste, Lyndon"]
[Result "1-0"]
[WhiteElo "1897"]
[BlackElo "1697"]
[PlyCount "107"]
[EventDate "2024.09.11"]
[WhiteTeam "Mauritania"]
[BlackTeam "Dominica"]
[WhiteTeamCountry "MAU"]

1. d4 Nf6 2. Bf4 e6 3. e3 d5 4. Bd3 Nc6 ({RR} 4... c5 5. c3 Bd6 6. Nf3 Bxf4 7. exf4 cxd4 8. Nxd4 Nc6 9. Nf3 Qc7 10. g3 O-O 11. O-O e5 12. Nxe5 Nxe5 13. fxe5 Qxe5 14. Re1 Qd6 15. Na3 Bh3 16. Nb5 Qb6 17. Qb3 Rae8 18. Qb4 Re6 19. Qh4 {0-1 Miltner,A (2376)-Roos,J (2286) Oberliga Baden 0607 2006 (9.3)}) 5. Nf3 Nh5 $146 ({RR} 5... Bd7 6. h3 Be7 7. c3 O-O 8. O-O h6 9. Nbd2 Nh5 10. Ne5 Bf6 11. Qxh5 Nxe5 12. dxe5 Bg5 13. Bxg5 Qxg5 14. Qxg5 hxg5 15. Nf3 g4 16. hxg4 c5 17. e4 Rfd8 18. exd5 exd5 19. Rfd1 Bxg4 20. Be2 {1-0 Duarte,G (1040)-Goncalves,D 9th Floripa Open 2023 (5.4)}) ({RR} 5... Bd6 6. Bxd6 Qxd6 7. O-O O-O 8. Nbd2 e5 9. dxe5 Nxe5 10. Nxe5 Qxe5 11. h3 Qxb2 12. Qc1 Qe5 13. Nf3 Qd6 14. Rd1 Be6 15. c4 c6 16. c5 Qc7 17. Qc3 b6 18. cxb6 axb6 19. a4 Ne4 20. Bxe4 {½-½ Rasquinet,N-Eksi,I Wch U08 Kemer 2009 (3)}) ({RR} 5... Bd6 6. Ne5 O-O 7. Nd2 Bxe5 8. dxe5 Nd7 9. c3 Ndxe5 10. Bxe5 Nxe5 11. Nf3 Nxd3+ 12. Qxd3 f6 13. O-O a6 14. c4 Bd7 15. a4 dxc4 16. Qxc4 b5 17. axb5 Bxb5 18. Qxe6+ Kh8 19. Rfd1 Qb8 20. Rd2 {1-0 Hermanns,T (969)-Bierfreund,T (1195) GER-chT U10 Magdeburg 2012 (3.1)}) 6. Bg5 f6 7. Bh4 g6 8. c3 Ng7 9. Qc2 Kf7 10. e4 Be7 11. Nbd2 Nh5 12. Bg3 dxe4 13. Bxe4 Nxg3 14. hxg3 Bd6 15. d5 Ne5 16. Nxe5+ Bxe5 17. dxe6+ Bxe6 18. Rxh7+ Rxh7 19. Bxg6+ Kg7 20. Bxh7 Qe8 21. O-O-O Qh5 22. Be4 c6 23. Nf3 Bc7 24. Nd4 Bf7 25. Nf5+ Kf8 26. Rd7 Qh1+ 27. Rd1 Qh5 28. Qa4 Bb6 29. Qb4+ Kg8 30. Qe7 Qg6 31. Rh1 Re8 32. Qxe8+ Bxe8 33. Ne7+ Kg7 34. Nxg6 Bxg6 35. Bxg6 Kxg6 36. f3 f5 37. Kd2 Bf2 38. Rh3 b5 39. Ke2 Bb6 40. Rh8 Kf6 41. Rc8 c5 42. Ke3 Ke6 43. Kf4 c4 44. Rc6+ Kd5 45. Rxb6 axb6 46. Kxf5 Kc5 47. a3 b4 48. axb4+ Kb5 49. g4 Ka4 50. Ke5 Kb3 51. Kd4 b5 52. g5 Kxb2 53. g6 Kc2 54. g7 1-0

[Event "45th Olympiad 2024"]
[Site "Budapest HUN"]
[Date "2024.09.20"]
[Round "9.87"]
[Board "1"]
[White "Kudakwashe Chinake"]
[Black "AH KYE, Benitot"]
[Result "1-0"]
[WhiteElo "1859"]
[BlackElo "1815"]
[PlyCount "77"]
[EventDate "2024.09.11"]
[WhiteTeam "Cayman Islands"]
[BlackTeam "Mauritius"]
[WhiteTeamCountry "CAY"]
[BlackTeamCountry "MRI"]

1. d4 Nf6 2. Nc3 d5 3. Bf4 e6 4. a3 c5 5. e3 a6 6. Nf3 b5 ({RR} 6... Nc6 7. Be2 cxd4 8. exd4 Be7 9. O-O O-O 10. Ne5 Bd7 11. Qd2 b5 12. Rad1 Rc8 13. Rfe1 Na5 14. Qe3 Nc4 15. Bxc4 bxc4 16. Qf3 Bc6 17. Ne2 Ne4 18. Ng3 Bb7 19. c3 f6 20. Ng4 Bd6 21. Nxe4 {1-0 Apoorv Kamble (2369)-Parfenov,V (2193) Titled Tue 28th May Early 2024 (4)}) 7. Ne5 $146 ({RR} 7. Be2 Bb7 8. O-O Nbd7 9. Ne5 Be7 10. Bf3 O-O 11. Ne2 Rc8 12. h3 Nxe5 13. Bxe5 Nd7 14. Bh2 Nb6 15. Re1 a5 16. dxc5 Bxc5 17. c3 Nc4 18. Qc2 Qb6 19. Nf4 b4 20. axb4 axb4 21. Nd3 b3 {½-½ Krzyzanowski,M (2509)-Asadli,V (2454) Budapest Spring op 2019 (9)}) 7... Bb7 8. g4 h6 9. Bg2 cxd4 10. exd4 Nc6 11. O-O Qb6 12. Nxc6 Qxc6 13. h3 Rc8 14. Rc1 Bd6 15. Ne2 O-O 16. Qd2 Nh7 17. Qe3 Rfe8 18. c3 f5 19. Be5 fxg4 20. hxg4 Rc7 21. f4 Rf7 22. Ng3 Bc8 23. Bf3 Nf8 24. Be2 Nd7 25. Bd3 Rfe7 26. Nh5 Rf8 27. Rce1 Ref7 28. Bg6 Nxe5 29. fxe5 Rxf1+ 30. Rxf1 Rxf1+ 31. Kxf1 Bf8 32. Qf4 Qc7 33. Bh7+ Kxh7 34. Qxf8 Kg6 35. Kg2 Qd7 36. Kg3 Bb7 37. Qg8 Bc8 38. Nf4+ Kg5 39. Qh7 1-0

[Event "45th Olympiad 2024"]
[Site "Budapest HUN"]
[Date "2024.09.20"]
[Round "9.87"]
[Board "2"]
[White "Chinasamy, Devarajen"]
[Black "Young, Christopher"]
[Result "1-0"]
[WhiteElo "1975"]
[BlackElo "1758"]
[PlyCount "123"]
[EventDate "2024.09.11"]
[WhiteTeam "Mauritius"]
[BlackTeam "Cayman Islands"]
[WhiteTeamCountry "MRI"]
[BlackTeamCountry "CAY"]

1. d4 Nf6 2. Nc3 d5 3. Bf4 a6 4. e3 e6 5. a3 c5 6. dxc5 Bxc5 7. Nf3 Nc6 8. Bd3 O-O 9. Ne5 ({RR} 9. O-O Qe7 10. e4 d4 11. Ne2 e5 12. Bd2 Nh5 13. Bg5 f6 14. Bd2 g6 15. Bh6 Rd8 16. Qd2 Be6 17. Ng3 Nxg3 18. fxg3 Rd7 19. Rf2 Qd6 20. Raf1 Rf7 21. g4 b5 22. h3 Qd7 23. Nh4 Be7 {0-1 Naroditsky,D (2618)-Caruana,F (2764) Titled Tue 11th Apr Late 2023 (7)}) ({RR} 9. O-O Nh5 10. Bg5 f6 11. Bh4 Qe8 12. e4 d4 13. Na4 Ba7 14. c4 g5 15. Bg3 Nxg3 16. fxg3 g4 17. Nh4 Ne5 18. b3 b5 19. Nb2 Bb7 20. Kh1 Rc8 21. Rc1 Qe7 22. b4 Nxd3 23. Qxg4+ Kh8 {1-0 Papayan,O (2183)-Reprintsev,A (2230) Titled Tue 2nd Jul Late 2024 (5)}) 9... Nxe5 10. Bxe5 Bd6 11. Bg3 $146 ({RR} 11. Bxd6 Qxd6 12. O-O e5 13. e4 d4 14. Ne2 Bd7 15. Ng3 Rac8 16. Qd2 Rc7 17. Rae1 Rfc8 18. f4 Ng4 19. fxe5 Qxe5 20. Rf3 Be6 21. h3 Ne3 22. Nf5 Nxc2 23. Qg5 Nxe1 24. Nh6+ Kh8 25. Qxe5 Nxf3+ {1-0 Bettalli,F (2225)-Chylewski,P (2281) Titled Tue 14th Feb Early 2023 (8)}) 11... e5 12. Bh4 Be6 13. O-O e4 14. Bxf6 gxf6 15. Be2 f5 16. g3 Be5 17. Qd2 Rc8 18. Nd1 d4 19. exd4 Bxd4 20. Qc1 Qf6 21. c3 Be5 22. Qc2 Kh8 23. Ne3 Rg8 24. Ng2 Qg6 25. Rad1 f4 26. Nh4 Qg5 27. Qxe4 Bh3 28. Nf3 Qf6 29. Qxe5 Qxe5 30. Nxe5 Bxf1 31. Bxf1 fxg3 32. hxg3 Kg7 33. Rd7 Kf6 34. Nf3 Rc6 35. Rxb7 Rd8 36. Rxf7+ Kxf7 37. Ne5+ Kf6 38. Nxc6 Rd2 39. b4 Ra2 40. Bxa6 Rxa3 41. b5 Rxc3 42. Na5 Ke6 43. Kg2 Ra3 44. Nc4 Ra4 45. Ne3 Rb4 46. f4 Rb3 47. Kf3 Rb4 48. g4 Rb3 49. g5 Rb1 50. f5+ Kf7 51. Kf4 Rb2 52. Ke4 Rb3 53. Nd5 Rg3 54. Kf4 Rd3 55. Ne3 Rd4+ 56. Ke5 Rd3 57. Ke4 Rb3 58. Nc2 Rg3 59. Kf4 Rc3 60. Nd4 Rc4 61. Ke4 Rc1 62. b6 1-0

[Event "45th Olympiad 2024"]
[Site "Budapest HUN"]
[Date "2024.09.20"]
[Round "9.87"]
[Board "3"]
[White "Shaw, Clifford"]
[Black "Lee Luen Mang, Stefan"]
[Result "0-1"]
[WhiteElo "1744"]
[BlackElo "1803"]
[PlyCount "60"]
[EventDate "2024.09.11"]
[WhiteTeam "Cayman Islands"]
[BlackTeam "Mauritius"]
[WhiteTeamCountry "CAY"]
[BlackTeamCountry "MRI"]

1. f4 d5 2. Nf3 Nf6 3. e3 g6 4. b3 Bg7 5. Bb2 c5 6. Be2 Nc6 7. O-O O-O 8. Qe1 Nb4 ({RR} 8... e6 9. h3 Ne4 10. Bxg7 Kxg7 11. d3 Qf6 12. c3 Nd6 13. d4 cxd4 14. cxd4 Bd7 15. Nc3 Rac8 16. Rc1 Qe7 17. g4 f5 18. g5 Ne4 19. Bb5 Nxc3 20. Rxc3 Nb8 21. Bxd7 Nxd7 22. Qd2 Rxc3 23. Qxc3 {½-½ Praznik,N (2371)-Genser,H (2351) St Veit op 2008 (3)}) 9. Na3 ({RR} 9. Bd1 b6 10. a3 Nc6 11. d3 Bg4 12. Nbd2 Nd7 13. Bxg7 Kxg7 14. h3 Bxf3 15. Nxf3 e5 16. f5 e4 17. dxe4 dxe4 18. Nh2 Nf6 19. Be2 Qe7 20. fxg6 fxg6 21. Bb5 Ne5 22. Qh4 a6 23. Be2 b5 {0-1 Grosse,M (1766)-Rost,D (1705) GER Cup Net Final-B U2000 blitz 2020 (12)}) 9... a6 10. Ne5 $146 ({RR} 10. c3 Nc6 11. c4 e6 12. Rc1 b6 13. Ne5 Nxe5 14. fxe5 Nd7 15. d4 Bh6 16. Nc2 cxd4 17. Bxd4 Bb7 18. Bf3 Qe7 19. Nb4 Bg7 20. cxd5 Nxe5 21. Bxe5 Bxe5 22. d6 Bxd6 23. Nc6 Bxc6 24. Bxc6 Rad8 {0-1 Peuraniemi,P-Eloranta,K FIN-chT1C 0304 2003 (5.6)}) 10... Nd7 11. d4 Nxe5 12. fxe5 Bf5 13. dxc5 Nc6 14. Rd1 Nxe5 15. Bxe5 Bxe5 16. Bf3 Qc7 17. Rxd5 e6 18. Rd1 Bxh2+ 19. Kh1 Bg3 20. Qb4 Qe7 21. Kg1 e5 22. e4 Qh4 23. Rfe1 Bg4 24. Bxg4 Qh2+ 25. Kf1 Qh1+ 26. Ke2 Qxg2+ 27. Kd3 Bxe1 28. Rxe1 Rad8+ 29. Ke3 Qxg4 30. Nc4 Qf4+ 0-1

[Event "45th Olympiad 2024"]
[Site "Budapest HUN"]
[Date "2024.09.20"]
[Round "9.87"]
[Board "4"]
[White "Naipal, Hoolan"]
[Black "Tracey, Shaun M"]
[Result "1/2-1/2"]
[WhiteElo "1851"]
[BlackElo "1684"]
[PlyCount "155"]
[EventDate "2024.09.11"]
[WhiteTeam "Mauritius"]
[BlackTeam "Cayman Islands"]
[WhiteTeamCountry "MRI"]
[BlackTeamCountry "CAY"]

1. Nf3 e6 2. e4 b6 3. d4 Bb7 4. Bd3 c5 5. c3 Nf6 6. Qe2 Qc8 ({RR} 6... Nc6 7. d5 Ne7 8. c4 d6 9. Nc3 g6 10. dxe6 fxe6 11. Ng5 Qd7 12. e5 dxe5 13. Qxe5 Bg7 14. Nxe6 Kf7 15. Nxg7 Nc6 16. Qe6+ Qxe6+ 17. Nxe6 Rhe8 18. O-O Rxe6 19. Bf4 Ne5 20. Be2 Ne4 21. Nb5 {1-0 Gagunashvili,M (2603)-Savchenko,B (2630) TUR-chT Konya 2011 (12)}) 7. O-O Be7 ({RR} 7... Ba6 8. a3 Bxd3 9. Qxd3 cxd4 10. cxd4 d5 11. Nc3 Qa6 12. Qe3 dxe4 13. Nxe4 Nbd7 14. Ne5 Qb7 15. Nxf6+ Nxf6 16. Qb3 Qd5 17. Qa4+ b5 18. Qa6 Bd6 19. Bg5 Ne4 20. Bf4 O-O 21. Rad1 Nf6 22. Rfe1 {1-0 Loy,K (2268)-Florescu,C (2293) Titled Tuesday intern op 24th Aug blitz 2021 (8)}) 8. Bg5 $146 ({RR} 8. e5 Nd5 9. a3 cxd4 10. c4 Nc7 11. Nxd4 Nc6 12. Nxc6 Bxc6 13. Nc3 Qb7 14. Ne4 Kf8 15. b4 a6 16. Bb2 b5 17. c5 a5 18. f4 axb4 19. axb4 Rxa1 20. Bxa1 Nd5 21. f5 Ke8 22. Qd2 Kd8 {1-0 Lagerman,R (2315)-Kjartansson,D (2324) ISL-ch Reykjavik 2007 (9)}) ({RR} 8. Nbd2 Nc6 9. a3 d5 10. e5 Nd7 11. b4 g5 12. Bb2 c4 13. Bc2 g4 14. Ne1 Nxd4 15. cxd4 c3 16. Bc1 cxd2 17. Bxd2 h5 18. f4 Qc4 19. Qe3 O-O-O 20. Bb3 Qa6 21. a4 b5 22. Nd3 Kb8 {0-1 Jurcik,M (2355)-Michalik,P (2405) SVK-chT 0809 2008 (2)}) 8... h6 9. Bh4 Ba6 10. c4 cxd4 11. e5 Ng8 12. Bg3 Nc6 13. a3 Bb7 14. b4 Qd8 15. Nbd2 d6 16. Nb3 Nxe5 17. Nxe5 dxe5 18. Bxe5 Bf6 19. Rfd1 Bxe5 20. Qxe5 Qg5 21. Qxg5 hxg5 22. Nxd4 O-O-O 23. Be2 Ne7 24. Rac1 Kb8 25. Nb5 Ng6 26. Nd6 Nf4 27. Bf1 Rd7 28. Nxb7 Rxb7 29. g3 Ng6 30. Bg2 Rc7 31. c5 Ne5 32. c6 Kc8 33. b5 Rd8 34. Rxd8+ Kxd8 35. Rd1+ Kc8 36. h3 Re7 37. Rd4 Kc7 38. Kf1 f5 39. Ke2 Nf7 40. f4 e5 41. fxe5 Nxe5 42. Kd2 Nf7 43. a4 Nd6 44. Bd5 Re5 45. Rd3 f4 46. gxf4 gxf4 47. Bf3 Re7 48. Rd4 g5 49. h4 Re3 50. Bg4 Rg3 51. Be6 Re3 52. Bg4 gxh4 53. Rxf4 Re4 54. Rxe4 Nxe4+ 55. Ke3 Nc3 56. Kf4 Nxa4 57. Be2 Nc3 58. Bc4 Nd1 59. Be2 Nc3 60. Bc4 Na4 61. Kg4 Nc5 62. Kxh4 Ne4 63. Kg4 Nd6 64. Bd3 Nf7 65. Kf5 Nd8 66. Ke5 Nxc6+ 67. bxc6 Kxc6 68. Kd4 Kb7 69. Be4+ Ka6 70. Kc4 b5+ 71. Kb4 Kb6 72. Bd3 a6 73. Be2 a5+ 74. Kb3 b4 75. Bc4 Kc5 76. Bf7 Kb5 77. Be8+ Kc5 78. Bf7 1/2-1/2